000 00658nam a2200205Ia 4500
003 GCL
008 140319s9999 xx 000 0 ara d
040 _aGCL /
_cGCL
082 0 4 _a843
_bم خ
100 1 _aمونتىن لوسى
245 1 0 _aالخائن /
_cمونتىن لوسى
260 _a[S.N] :
_bدار الراتب الجامعية
300 _a127
490 _aسلسلة روايات سوفنير الرومانسية
_v0
650 0 4 _aالقصص العربية
650 0 4 _aالادب الفرنسى
650 0 4 _aالادب الفرنسى المترجم
650 0 4 _aالقصص الفرنسية المترجمة
942 _2ddc
_cBK
999 _c32351
_d32351